00552nam a2200169Ia 450000500170000000800410001702000150005808200150007310000130008824500920010126000460019330000130023965000120025294200060026495200970027099900150036720240528064804.0240331s9999 xx 000 0 und d a8171000754 bKUMa338.9 aKumar, B 0aPlanning development and poverty alleviation :bA 21st century perspectivecDr,B, Kumar aNew DelhibDeep & Deep Publicationsc1988 a319 p ., aEconomy cL 001040708LaWERCLbWERCLcSSCd2024-03-31l0o 338.9 KUMp3646r2024-03-31w2024-03-31yL c2768d2768